Introduction for valuation

Bibliographic Details
Main Author: Richmond, D.
Format: Book
Published: London : The Macmillan , 1975
Edition:First edition
Subjects:

MARC

LEADER 00000cam a2200000 7i4500
001 0000002655
005 20220603.0
040 |a INS 
090 0 0 |a HD1387   |b .R511 1975 
100 1 |a Richmond, D. 
245 1 0 |a Introduction for valuation   |c D. Richmond 
250 |a First edition 
260 |a London :   |b The Macmillan ,   |c 1975 
300 |a v, 186p. ;   |c 21cm. 
500 |a Includes index 
650 0 |a Valuation 
999 |a 0000000963   |b BOOK   |c Open Shelf   |e Default branch